دوافع استخدام التواصل الاجتماعي ، وتأثيرها على راس المال الاجتماعي في البنوك التجارية الاردنية = The Motivation of Using Social Network Sites and its impact on Social Capital at Jordanian CommercialBANKS / (Record no. 33324)
[ view plain ]
| 000 -LEADER | |
|---|---|
| fixed length control field | 01144nam a22002057a 4500 |
| 003 - CONTROL NUMBER IDENTIFIER | |
| control field | JO-AjAnu |
| 005 - DATE AND TIME OF LATEST TRANSACTION | |
| control field | 20240324091930.0 |
| 008 - FIXED-LENGTH DATA ELEMENTS--GENERAL INFORMATION | |
| fixed length control field | 240324b jo ||||| |||| 00| 0 ara d |
| 040 ## - CATALOGING SOURCE | |
| Original cataloging agency | JO-AjAnu |
| Language of cataloging | ara |
| Transcribing agency | JO-AjAnu |
| 041 ## - LANGUAGE CODE | |
| Language code of text/sound track or separate title | ara |
| 050 ## - LIBRARY OF CONGRESS CALL NUMBER | |
| Classification number | HG1615 |
| Item number | 2024 |
| 100 ## - MAIN ENTRY--PERSONAL NAME | |
| Personal name | زغول، مها حسين سيف |
| 9 (RLIN) | 65089 |
| Relator term | معد |
| 245 ## - TITLE STATEMENT | |
| Title | دوافع استخدام التواصل الاجتماعي ، وتأثيرها على راس المال الاجتماعي في البنوك التجارية الاردنية = The Motivation of Using Social Network Sites and its impact on Social Capital at Jordanian CommercialBANKS / |
| Remainder of title | |
| Statement of responsibility, etc. | اعداد مها حسين سيف زغول ؛ اشراف هشام علي شطناوي |
| 260 ## - PUBLICATION, DISTRIBUTION, ETC. | |
| Date of publication, distribution, etc. | 2024 |
| 300 ## - PHYSICAL DESCRIPTION | |
| Extent | 107ورقة |
| 504 ## - BIBLIOGRAPHY, ETC. NOTE | |
| Bibliography, etc. note | سالة جامعية (رسالة ماجستير) .- جامعة عجلون الوطنية (عجلون، الاردن)، كلية الاعمال، قسم ادارة الاعمال، 2023 |
| 650 70 - SUBJECT ADDED ENTRY--TOPICAL TERM | |
| Topical term or geographic name entry element | البنوك - ادارة - جوانب اجتماعية - الاردن. |
| 9 (RLIN) | 65073 |
| 700 #2 - ADDED ENTRY--PERSONAL NAME | |
| Personal name | شطناوي،هشام علي |
| 9 (RLIN) | 64865 |
| Relator term | مشرف |
| 942 ## - ADDED ENTRY ELEMENTS (KOHA) | |
| Source of classification or shelving scheme | Library of Congress Classification |
| Koha item type | Thesis |
| Suppress in OPAC | No |
No items available.